Every HBO Show Ranked - Statistics

General Stats
  • This quiz has been taken 76 times
  • The average score is 17 of 110
Answer Stats
Number Series Year % Correct
12 Game of Thrones 2011-19
94%
1 The Sopranos 1999-2007
94%
3 The Wire 2002-08
69%
4 Succession 2018-23
57%
13 Oz 1997-2003
49%
85 Euphoria 2019-present
43%
37 House of the Dragon 2022-present
41%
11 Sex and the City 1998-2004
41%
23 The Last of Us 2023-present
39%
6 The Leftovers 2014-17
39%
14 Six Feet Under 2001-05
37%
32 True Detective 2014-present
37%
22 The White Lotus 2021-present
35%
8 Curb Your Enthusiasm 2000-24
33%
29 Girls 2012-17
33%
10 Veep 2012-19
33%
2 Deadwood 2004-06, 2019
31%
61 Big Little Lies 2017-present
29%
18 Boardwalk Empire 2010-14
29%
98 Entourage 2004-11
29%
87 True Blood 2008-14
29%
17 Barry 2018-23
24%
33 Rome 2005-07
24%
27 Silicon Valley 2014-19
24%
51 Carnivàle 2003-05
22%
21 Insecure 2016-21
20%
19 The Righteous Gemstones 2019-present
20%
63 Westworld 2016-2022
20%
62 Hung 2009-11
18%
65-64 Tales from the Crypt / Perversions of Science 1986-96, 1997
18%
20 The Comeback 2005, 2014
18%
5 The Larry Sanders Show 1992-98
18%
97 Ballers 2015-19
16%
28 Eastbound & Down 2009-13
16%
53 Industry 2020-present
16%
43 In Treatment 2008–10, 2021
16%
105 The Newsroom 2012-14
16%
9 Enlightened 2011-13
14%
52 Looking 2014-16
14%
54 Treme 2010-13
14%
34 Big Love 2006-11
12%
42 Extras 2005-07
12%
30 High Maintenance 2016-2021
12%
26 My Brilliant Friend 2018-24
12%
16 The Deuce 2017-2019
12%
60 The Gilded Age 2022-present
12%
49 The Young Pope / The New Pope 2017, 2020
12%
50 Vice Principals 2016-17
12%
108 Arliss 1996-2002
10%
36 Bored to Death 2009-11
10%
25 Flight of the Conchords 2007-09
10%
40 Getting On 2013-15
10%
48 Luck 2011-12
10%
45 Somebody Somewhere 2022-24
10%
107 The Idol 2023
10%
24 The Rehearsal 2022-present
10%
68 Togetherness 2015-16
10%
58 Da Ali G Show 2000-2004
8%
41 Gentleman Jack 2019-22
8%
35 Tell Me You Love Me 2007
8%
86 The Hitchhiker 1983-87
8%
106 Vinyl 2016
8%
82 Divorce 2016-2019
6%
75 Hello Ladies 2013-14
6%
76 How to Make It in America 2010-11
6%
39 John From Cincinnati 2007
6%
83 K Street 2003
6%
96 Little Britain USA 2008
6%
94 Lucky Louie 1996
6%
7 Mr. Show with Bob and David 1995-98
6%
55 Perry Mason 2020-23
6%
104-102 Summer Heights High / Angry Boys / Ja'mie: Private School Girl / Jonah From Tonga 2007, 2011, 2013, 2014
6%
67 Tenacious D 1997-2000
6%
15 The Kids in the Hall 1988-92
6%
112 The Mind of the Married Man 2001-02
6%
70 The No. 1 Ladies’ Detective Agency 2008-09
6%
66 Unscripted 2005
6%
56 A Black Lady Sketch Show 2019-23
4%
46 Betty 2020-21
4%
78 Crashing 2017-19
4%
111 Dream On 1990-96
4%
81 Family Tree 2013
4%
90 Funny or Die Presents 2010-11
4%
91 His Dark Materials 2019-22
4%
92 Life's Too Short 2011-13
4%
31 Los Espookys 2019-2022
4%
57 Lovecraft Country 2020
4%
101 Maximum Security 1984
4%
80 Not Necessarily the News 1983-90
4%
72 Winning Time: The Rise of the Lakers Dynasty 2022-23
4%
113 1st & Ten 1984–90
2%
100
Hardcore TV
1992-94
2%
93 Camping 2018
2%
69 Doll & Em 2014-15
2%
110 Here and Now 2018
2%
71 Philip Marlowe, Private Eye 1983-86
2%
44 Rain Dogs 2023
2%
47 Room 104 2017-2020
2%
89 Run 2020
2%
77 Sally4Ever 2018
2%
109 The Brink 2015
2%
59 The Nevers 2021-23
2%
88 Avenue 5 2020-22
0%
95 Hotel Room 1993
0%
74 Mr. Bean 1990-95
0%
38 Random Acts of Flyness 2018-present
0%
73 The High Life 1996
0%
84 The Ray Bradbury Theater 1985-86
0%
99 The Time Traveler's Wife 2022
0%
79 Tracey Takes On … 1996-99
0%
No matching quizzes found
Score Distribution
Percent of People with Each Score
Percentile by Number Answered
Your Score History
You have not taken this quiz